01388 2200589 4500001002100000008004100021035002000062245005100082260004100133300001900174020001800193084001400211082000800225650001000233990001500243990001500258990001500273990001500288990001500303990001500318990001500333990001500348990001500363990001500378990001500393990001500408990001500423990001500438990001500453990001500468990001500483990001500498990001500513990001500528990001500543990001500558990001500573990001500588990001500603990001500618990001500633990001500648990001500663990001500678990001500693990001500708990001500723990001500738990001500753990001500768990001500783INLIS000000000000055 ind  a0010-1025000001 aSIAP ASPD LITERASI SAINSb2024/2025cFERARIANI aYOGYAKARTAbDAFA BINTANG REKSAc2024 a192c19,5 X 28 a9789799946522 a507 FER a a507 asains aASPD.20501 aASPD.20502 aASPD.20503 aASPD.20504 aASPD.20505 aASPD.20506 aASPD.20507 aASPD.20508 aASPD.20509 aASPD.20510 aASPD.20511 aASPD.20512 aASPD.20513 aASPD.20514 aASPD.20515 aASPD.20516 aASPD.20517 aASPD.20518 aASPD.20519 aASPD.20520 aASPD.20521 aASPD.20522 aASPD.20523 aASPD.20524 aASPD.20525 aASPD.20526 aASPD.20527 aASPD.20528 aASPD.20529 aASPD.20530 aASPD.20531 aASPD.20532 aASPD.20533 aASPD.20534 aASPD.20535 aASPD.20536 aASPD.20500